| 000 | 00401nam a2200145Ia 4500 | ||
|---|---|---|---|
| 008 | 231129s2006||||xx |||||||||||||| ||spa|| | ||
| 020 | _a958-38-0133-X | ||
| 040 | _bspa | ||
| 082 | _aCo863 L847L | ||
| 100 | _aLondoño Vélez Santiago | ||
| 245 | 0 | _aLibro de los monstruos buenos | |
| 260 | _c2006 | ||
| 264 | _aFondo de Cultura Económica | ||
| 942 |
_2ddc _cBKS |
||
| 999 |
_c19233 _d19233 |
||